000 00479nam a22001937a 4500
003 MPLRDC
005 20220104123804.0
008 210129b ||||| |||| 00| 0 eng d
020 _a957-8634-15-3
082 _a563.5 HJH
100 _a黄俊豪
245 _a现代人的24小时
_c
250 _a初版一刷
260 _a
_b新卫文化事业股份有限
_c1994
300 _b
490 _a理财顶客族. 4
650 _a投资; 理财
942 _cBK
_o563.5 HJH
999 _c14201
_d14191